| 000 | 02121nam a22002537a 4500 | ||
|---|---|---|---|
| 999 |
_c59953 _d59952 |
||
| 003 | Ge_BSU | ||
| 005 | 20230522165923.0 | ||
| 008 | 230522s2014 ge ||||| |||| 00| 0 geo d | ||
| 020 | _a9789941445538 | ||
| 041 | _ageo | ||
| 080 | _a94(395.3) ყ-56 | ||
| 100 |
_aყიფიანი, გურამ _913514 |
||
| 245 |
_aქალაქი "Eoupiov"-ი = The city of "Eoupiov" / _cგურამ ყიფიანი; თარგმ. ლელა დუმბაძისა; "რედაქტორისაგან" - თარგმ. მედეა ხორავასი; სამეცნ. რედ. გურამ ლორთქიფანიძე; ვანის რ-ნის ძველი, ახალი და უახლესი ისტორიის ეთნოლოგიისა და ფოლკლორის კვლევების ცენტრი. |
||
| 264 |
_aთბილისი : _bარტანუჯი, _c2014. |
||
| 300 |
_a216 გვ. : _bნახ. _c 23 სმ. |
||
| 500 | _aწიგნი ეძღვნება ვანის რაიონის საზოგადოებას. | ||
| 501 | _a პარალ. თავფურ. ინგლ. ტექსტი ქართ. და ინგლ. | ||
| 504 | _aბიბლიოგრ. ტექსტის შენიშვნებში | ||
| 653 | _aსაქართველოს უძველესი ქალაქები. | ||
| 700 |
_aდუმბაძე, ლელა _eმთარგმნელი _916168 |
||
| 700 |
_aლორთქიფანიძე, გურამ _eრედაქტორი _915412 |
||
| 710 |
_aვანის რ-ნის ძველი, ახალი და უახლესი ისტორიის ეთნოლოგიისა და ფოლკლორის კვლევების ცენტრი _bილიას სახელმწ. უნ-ტის პალეოურბანული კვლევების ლაბორატორია _918174 |
||
| 942 |
_2udc _cBK |
||